000 00310nam a2200133Ia 4500
005 20251222155104.0
008 251222s9999||||xx |||||||||||||| ||spa||
082 _aANT.30
100 _aY MEZA Jaime Javier
245 0 _aEl poder curativo de los jugos
250 _a1ra. ed.
264 _bFenix
942 _cLIB
999 _c37791
_d37791